Представление документа в формате RUSMARC

ПолеНазваниеЗначение
  Тип записи a
  Библиографический уровень m
001 Контрольный номер UONB/MAIN/b0938d9f314c4377869824701c58782d
005 Дата корректировки 20260510120635.5
010 Индекс ISBN __
d Цена 40 к.
9 Тираж 2000 экз.
100 Данные общей обработки __
a Данные общей обработки 20260510d1979 u y0rusy0189## ca
101 Язык документа 0_
a Язык текста rus
102 Страна публикации __
a Страна публикации RU
105 Кодированные данные (монография) __
a Кодированные данные (монография) c z 001yb
200 Заглавие и сведения об ответственности 1_
a Заглавие А. Г. Стырча в статьях и воспоминаниях
f Первые сведения об ответственности составитель Е. В. Вдовина
e Сведения, относящиеся к заглавию сборник
203 Вид содержания и тип средства __
a Вид содержания Текст
b Характеристика содержания визуальный
c Тип средства непосредственный
210 Выходные данные 1_
a Место издания Кишинев
c Издательство Литература артистикэ
d Дата издания 1979
215 Физическое описание __
a Объем 176 с.
d Формат 16 см
c Иллюстрации/тип воспроизводства ил., портр., нот. ил.
320 Библиография __
a Библиография Библиогр.: с. 165-175
600 Персоналии _1
a Персоналии (Фамилия) Стырча
b Персоналии (Имя, инициалы) А. Г.
g Полное имя Алексей Георгиевич
606 Тематические рубрики 0_
a Основная рубрика Молдавская советская музыка
j Формальный подзаголовок Сборники
610 Ключевые слова 0_
a Ключевые слова молдавская советская музыка; композиторы; певцы; воспоминания; сборники
675 Индекс УДК __
a Индекс УДК 78(С7)
675 Индекс УДК __
a Индекс УДК 78С2-9
686 Индексы других классификаций __
a Классификационный индекс 85.313(2Мо)
2 Код системы rubbk
702 Вторичная интеллектуальная ответственность _1
a Фамилия Вдовина
b Имя (инициалы) Е. В.
g Полное личное имя Елена Васильевна
4 Код отношения 220
801 Источник записи _0
a Страна RU
b Организация Ульяновская ОНБ
c Дата составления 20260510
g Правила каталогизации RCR
801 Источник записи _1
a Страна RU
b Организация Ульяновская ОНБ
c Дата составления 20260510
g Правила каталогизации RCR
901 Тип документа __
t Тип документа m
909 Создатель записи __
a Создатель записи Шпак
b Дата создания записи 20260510